Biggest cities in the Houston area - Statistics

General Stats
  • This quiz has been taken 58 times
  • The average score is 14 of 30
Answer Stats
Hint Answer % Correct
2,304,580 Houston
95%
85,680 Sugar Land
89%
151,950 Pasadena
86%
106,240 Pearland
84%
94,980 League City
82%
49,440 Galveston
80%
108,370 The Woodlands
75%
74,480 Conroe
66%
75,310 Baytown
61%
53,940 Texas City
59%
74,250 Missouri City
57%
58,610 Spring
48%
38,270 Friendswood
43%
34,920 La Porte
43%
25,500 Alvin
39%
33,520 Deer Park
39%
18,140 Bellaire
34%
40,530 Channelview
32%
34,910 Rosenberg
32%
19,580 Dickinson
27%
17.470 South Houston
27%
19,250 Angleton
25%
17.610 Cinco Ranch
25%
18,030 Stafford
23%
27,410 Lake Jackson
20%
37,330 Mission Bend
20%
72,710 Atascocita
18%
26,110 Fresno
14%
17,040 Pecan Grove
11%
23,510 Cloverleaf
7%
No matching quizzes found
Score Distribution
Percent of People with Each Score
Percentile by Number Answered
Your Score History
You have not taken this quiz